Теоретическая Электротехника. (ბიბ.ჩანაწერი № 47151)
[ მარტივი ფორმატი ]
| 000 -LEADER | |
|---|---|
| fixed length control field | 00655nam a2200229Ia 4500 |
| 001 - CONTROL NUMBER | |
| control field | 14009 |
| 003 - CONTROL NUMBER IDENTIFIER | |
| control field | GE_BSU |
| 008 - FIXED-LENGTH DATA ELEMENTS--GENERAL INFORMATION | |
| fixed length control field | 181216s||||||||xx |||||||||||||| ||und|| |
| 040 ## - CATALOGING SOURCE | |
| Transcribing agency | GE_BSU |
| 080 ## - UNIVERSAL DECIMAL CLASSIFICATION NUMBER | |
| Universal Decimal Classification number | 621.30.1(075.32) |
| 100 ## - MAIN ENTRY--PERSONAL NAME | |
| Personal name | Попов,В.С. |
| 245 ## - TITLE STATEMENT | |
| Title | Теоретическая Электротехника. |
| 245 ## - TITLE STATEMENT | |
| Remainder of title | Учеб. для техникумов. |
| 245 ## - TITLE STATEMENT | |
| Statement of responsibility, etc. | Ред. Б.Я.Жуховицкий. |
| 260 ## - PUBLICATION, DISTRIBUTION, ETC. | |
| Place of publication, distribution, etc. | М. |
| 260 ## - PUBLICATION, DISTRIBUTION, ETC. | |
| Name of publisher, distributor, etc. | Энергия. |
| 260 ## - PUBLICATION, DISTRIBUTION, ETC. | |
| Date of publication, distribution, etc. | 1970. |
| 300 ## - PHYSICAL DESCRIPTION | |
| Extent | 608 стр. 21 см. с илл. |
| 300 ## - PHYSICAL DESCRIPTION | |
| Accompanying material | Табл. |
| 653 ## - INDEX TERM--UNCONTROLLED | |
| Uncontrolled term | Теоретическая Электротехника. |
| 942 ## - ADDED ENTRY ELEMENTS (KOHA) | |
| Koha item type | წიგნი |
არაა ხელმისაწვდომი ეგზემპლარები.
